000 00845nam a22002177a 4500
003 BUBTL
008 220113b ||||| |||| 00| 0 eng d
020 _a9789848904107
082 _a954.92/ M2788b/ 2001
100 _94322
_aমাহমুদ, আনু
245 _aবঙ্গবন্ধু : মুক্তিযুদ্ধ : স্বাধীনতা /
_cআনু মাহমুদ
250 _a1st Edn.
260 _aঢাকা:
_bসালমা বুক ডিপো,
_cc2001
300 _a651 p. :
_c24 cm.
505 _aবঙ্গবন্ধু, মুক্তিযুদ্ধ, স্বাধীনতা, আনু মাহমুদ
650 0 _93573
_aবঙ্গবন্ধু
650 0 _94372
_aBangabandhu
856 _k0
_l0
_yDownload
942 _2ddc
_cBK
999 _c6635
_d6635